00882nam a2200205 a 450000100100000000500170001000800410002704000250006808200190009310000490011224500570016126000810021830000200029965000640031965000310038304900090041495201220042395201160054599900150066100000933520250204073951.0090929s1984 dr 001 0 spa d aDO-SdBNPbspacBNPHU aR581.63bL453h1 aLebrón Saviñon, Marianod1922-20149722710aHerbario dominicano /cMariano Lebrón Saviñón. aSanto Domingo :bPublicación de la Academia Dominicana de Medicina,c1984. a73 p. ;c21 cm. 4aPlantas utileszRepública DominicanaxDiccionarios924083 4aBotánica médica921557 aBNPD 0010718PDaPDbPDcCTd2009-09-29iLF1l0oR581.63 L453hp9335-10r2020-06-25te. 2w2020-06-25yLFPDZNo se presta 0010718PDaPDbPDcCTd2009-09-29iLF1l0oR581.63 L453hp9335-20r2020-06-25w2020-06-25yLFPDZNo se presta c9095d9095